Statistics for Football Teams Freddie Ljungberg Played For

Click here to take the quiz!

General Stats

  • This quiz has been taken 9 times
  • The average score is 3 of 8

Answer Stats

LeagueYearsTeam% Correct
England1998-2007Arsenal FC
100%
Scotland2011Celtic FC
67%
England2007-2008West Ham United
33%
USA2010-2011Chicago Fire FC
17%
India2014-2015Mumbai City FC
17%
USA2008-2010Seattle Sounders FC
17%
Sweden1994-1998Halmstads BK
0%
Japan2011-2012Shimizu S-Pulse
0%

Score Distribution

Percentile by Number Answered

Percent of People with Each Score

Your Score History

You have not taken this quiz